Riadenie času

Potreba učiť sa, ako riadiť vlastný čas. Návod, ako správne organizovať svoju prácu. Základné asertívne práva. Workholizmus.

Salvato in:
Dettagli Bibliografici
Autore principale: Poniščiaková, Oľga
Natura: Capitolo di libro
Lingua:slovacco
Soggetti:
Tags: Aggiungi Tag
Nessun Tag, puoi essere il primo ad aggiungerne!!

MARC

LEADER 00000naa$a2200000$$$4500
001 0110856
005 20231120112734.4
041 0 |a slo 
044 |a SK 
245 1 0 |a Riadenie času  |c Oľga Poniščiaková 
520 |a Potreba učiť sa, ako riadiť vlastný čas. Návod, ako správne organizovať svoju prácu. Základné asertívne práva. Workholizmus. 
610 2 0 |a riadenie času 
610 2 0 |a organizácia práce 
610 2 0 |a pracovníci riadiaci 
100 1 |a Poniščiaková, Oľga